Quan chức nhà Nguyễn

Giới thiệu bối cảnh lịch sử hình thành, phát triển và cáo chung của nhà Nguyễn, bảng danh mục từ tra cứu và giải thích về các phẩm hàm quan chức nhà Nguyễn

Gardado en:
Detalles Bibliográficos
Autor Principal: Trần Thanh Tâm
Formato: Libro
Idioma:Vietnamese
Publicado: Huế Nxb. Thuận Hoá 1999
Công ty Văn hoá Phương Nam
Edición:Tái bản lần thứ 1, có sửa chữa bổ sung
Những chủ đề:
Các nhãn: Engadir etiqueta
Sen Etiquetas, Sexa o primeiro en etiquetar este rexistro!
Thư viện lưu trữ: Mạng thư viện Đại học Đà Nẵng
LEADER 01499nam a22004098a 4500
001 000015614
003 11997
005 20120530160520.0
008 120530s1999 b 000 0 vieod
020 |c 38500đ  |d 1000b 
041 0 |a vie 
080 |a 9(V)133 
082 |a 959.7092  |b TR-T 
084 |a P3(1)4  |b QU105C 
100 1 |a Trần Thanh Tâm 
245 1 0 |a Quan chức nhà Nguyễn  |c Trần Thanh Tâm 
250 |a Tái bản lần thứ 1, có sửa chữa bổ sung 
260 |a Huế  |b Nxb. Thuận Hoá 
260 |b Công ty Văn hoá Phương Nam  |c 1999 
300 |a 437tr : hình vẽ  |c 21cm 
500 |a Thư mục: tr. 433-435 
520 |a Giới thiệu bối cảnh lịch sử hình thành, phát triển và cáo chung của nhà Nguyễn, bảng danh mục từ tra cứu và giải thích về các phẩm hàm quan chức nhà Nguyễn 
653 |a Việt Nam 
653 |a Lịch sử trung đại 
653 |a Quan chức 
653 |a Khảo cổ học 
653 |a Chế độ phong kiến 
OWN |a LSP 
AVA |a UDN50  |b LSP  |d 959.7092 TR-T  |e available  |t Error 5001 Not defined in file expand_doc_bib_avail.  |f 1  |g 0  |h N  |i 0  |k 1 
999 |a From the UDN01 
AVA |a UDN50  |b LSP  |d 959.7092 TR-T  |e available  |t Error 5001 Not defined in file expand_doc_bib_avail.  |f 1  |g 0  |h N  |i 0  |k 1 
TYP |a Monograph 
TYP |a Printed language 
980 |a Mạng thư viện Đại học Đà Nẵng